000 00651nam a2200181 a 4500
001 000030600
005 20250219104747.0
008 110524s1978 dr ac 000 | spa d
040 _aDO-SdBNP
_bspa
_cBNPHU
082 _axxx
_bU92s
100 1 _aCipriano,
_d1886-1958
_c de Utrera, fray,
_950420
245 1 0 _aSanto Domingo dilucidaciones históricas /
_cFray Cipriano de Utrera ; introducción de Jorge Tena Reyes.
250 _aEd. facsím.
260 _aSanto Domingo :
_bSecretaría de Estado de Educación Bellas Artes y Cultos,
_c1978.
300 _av. :
_bil., retrs. ;
_c21 cm.
700 1 _aTena Reyes, Jorge,
_eintrod.
_98252
049 _aBNPD
999 _c30092
_d30092